<?xml version="1.0" encoding="UTF-8"?>
<collection xmlns="http://www.loc.gov/MARC21/slim">
 <record>
  <leader>01732nam a2200217Ia 4500</leader>
  <controlfield tag="001">CTU_156056</controlfield>
  <controlfield tag="008">210402s9999    xx            000 0 und d</controlfield>
  <datafield tag="020" ind1=" " ind2=" ">
   <subfield code="c">22.18</subfield>
  </datafield>
  <datafield tag="082" ind1=" " ind2=" ">
   <subfield code="a">623.4424</subfield>
  </datafield>
  <datafield tag="082" ind1=" " ind2=" ">
   <subfield code="b">K12</subfield>
  </datafield>
  <datafield tag="100" ind1=" " ind2=" ">
   <subfield code="a">Kahaner, Larry</subfield>
  </datafield>
  <datafield tag="245" ind1=" " ind2="0">
   <subfield code="a">AK-47 :</subfield>
  </datafield>
  <datafield tag="245" ind1=" " ind2="4">
   <subfield code="b">The weapon that changed the face of war</subfield>
  </datafield>
  <datafield tag="245" ind1=" " ind2="0">
   <subfield code="c">Larry Kahaner</subfield>
  </datafield>
  <datafield tag="260" ind1=" " ind2=" ">
   <subfield code="a">Hoboken, N.J</subfield>
  </datafield>
  <datafield tag="260" ind1=" " ind2=" ">
   <subfield code="b">Wiley</subfield>
  </datafield>
  <datafield tag="260" ind1=" " ind2=" ">
   <subfield code="c">2007</subfield>
  </datafield>
  <datafield tag="520" ind1=" " ind2=" ">
   <subfield code="a">Journalist Kahaner (The Quotations of Chairman Greenspan: Words from the Man Who Can Shake the World) presents a detailed study of the AK-47, the single most deadly weapon ever produced, and its designer. Mikhail Kalashnikov, a mechanically inclined Russian soldier, came up with this simple submachine gun to counter superior German weaponry during World War II. Brought into mass production in 1947 (this date formed the final part of the weapon's name, Avtomat Kalashnikov 1947), the AK-47 was shipped by the Soviet Union to Eastern Europe, Africa, Asia, South America, and the Middle East during the Cold War. In part because they are so easy to make, 80 to 100 million AKs have been manufactured and distributed during the last 59 years. Moreover, the AK has proven a superior weapon to the American M-16. Kahaner provides an interesting discussion of how internal politics in the U.S. Army led it to adopt, instead, an inferior, lightweight machine gun. Kalashnikov, who lives in Russia today, never became rich from his design, but he did receive recognition outside his homeland for the impact of his weapon. A fascinating examination; recommended for all libraries.</subfield>
  </datafield>
  <datafield tag="650" ind1=" " ind2=" ">
   <subfield code="a">AK-47 rifle,Súng trường AK-47</subfield>
  </datafield>
  <datafield tag="904" ind1=" " ind2=" ">
   <subfield code="i">Năm</subfield>
  </datafield>
  <datafield tag="980" ind1=" " ind2=" ">
   <subfield code="a">Trung tâm Học liệu Trường Đại học Cần Thơ</subfield>
  </datafield>
 </record>
</collection>
